| 000 | 00527nam a2200145Ia 4500 | ||
|---|---|---|---|
| 008 | 100204s9999 xx 000 0 und d | ||
| 082 | _b16827 | ||
| 100 | _aजोशी द. दा. | ||
| 245 | _aविज्ञान योगी बाबा आमटे | ||
| 260 |
_b"सुरेश एजन्सी , पुणे" _c1989 |
||
| 300 | _a126 | ||
| 630 | _aविज्ञान योगी बाबा आमटे | ||
| 730 | _aविज्ञान योगी बाबा आमटे | ||
| 942 | _cBOOK | ||
| 999 |
_c461250 _d461247 |
||